00718nam a2200169Ia 4500008004100000082002000041100003300061245008000094250001900174260004800193300001800241500005300259505013800312650002300450650003600473650003900509120622s1975 mx 000 0 spa d a972bL864e 1975 1aLópez Gallo, Manueleautor aEconomía y política en la historia de Méxicoc / Manuel López Gallo a11a. edición aMéxicob : Ediciones El Caballitoc, 1975 a610 páginas aEn portada: Desde los aztecas hasta Echeverría aMéxico Precolombino La Colonia de 1800 a 1854 El Movimiento liberal De Díaz a Madero De la Revolución a 1940 La Época actual 14aMÉXICOxHISTORIA24aMÉXICOxPOLÍTICA Y GOBIERNO24aMÉXICOxCONDICIONES ECONÓMICAS